Valtioiden väkirikkaammat puolet - pohjoinen vai etelä? - Statistics

Yleistilastot
  • Tätä visaa on pelattu 1 018 kertaa
  • Keskiarvotulos 12 / 15
Vastaustilastot
Kysymys Vastaus % Oikein
Ruotsi Etelä
98%
Egypti Pohjoinen
97%
Kanada Etelä
96%
Yhdistynyt kuningaskunta Etelä
93%
Australia Etelä
86%
Japani Etelä
82%
Venezuela Pohjoinen
80%
Uusi-Seelanti Pohjoinen
80%
Nepal Etelä
79%
Nigeria Etelä
71%
Taiwan Pohjoinen
71%
Brasilia Etelä
68%
Yhdistyneet arabiemiraatit Pohjoinen
68%
Sveitsi Pohjoinen
64%
Uganda Etelä
50%
Ehtoja vastaavia visoja ei löytynyt
Tulosjakauma
Jokaisen tuloksen saaneiden osuus
Persentiili vastausten määrän mukaan
Tuloshistoriasi
Et ole pelannut tätä visaa